Možnosti zlepšenia činnosti podniku využitím reinžinieringu

Každý podnik sa počas svojho životného cyklu dostane do situácie, kedy je nevyhnutná určitá zmena. Ak je potrebná radikálna zmena, tak sa ako vhodná metóda riešenia ponúka reinžiniering podnikových procesov. Reinžiniering podnikových procesov znamená rozsiahly redizajn podnikových procesov, pričom ú...

ver descrição completa

Na minha lista:
Detalhes bibliográficos
Autor principal: Malega, Peter
Outros Autores: Štober, Martin
Formato: Capítulo de Livro
Idioma:eslovaco
Assuntos:
Tags: Adicionar Tag
Sem tags, seja o primeiro a adicionar uma tag!

MARC

LEADER 00000nla a2200000 4500
001 0240419
005 20240417075132.1
041 0 |a slo 
044 |a SK 
245 1 0 |a Možnosti zlepšenia činnosti podniku využitím reinžinieringu  |c Peter Malega, Martin Štober 
520 |a Každý podnik sa počas svojho životného cyklu dostane do situácie, kedy je nevyhnutná určitá zmena. Ak je potrebná radikálna zmena, tak sa ako vhodná metóda riešenia ponúka reinžiniering podnikových procesov. Reinžiniering podnikových procesov znamená rozsiahly redizajn podnikových procesov, pričom úlohou reinžinieringu je zlepšenie výkonnostných parametrov podniku. Jedná sa najmä o znižovanie nákladov, zvyšovanie kvality výroby a aj samotných produktov, skracovanie výrobných časov a skvalitnenie ponúkaných služieb. 
610 2 0 |a cyklus podniku životný 
610 2 0 |a reengineering 
610 2 0 |a proces výrobný 
610 2 0 |a znižovanie nákladov 
610 2 0 |a riadenie podnikové 
610 2 0 |a procesy podnikové 
100 1 |a Malega, Peter 
700 1 |a Štober, Martin